00626nam a22001937a 4500003000900000005001700009007000300026008004100029020001800070040002500088082001900113245010000132260004100232300002700273490002900300650004900329700003700378830001700415DO-SdBNP20220418093110.0ta220125b2021 ||||| |||| 00| 0 spa d a9789945615678 aDO-SdBNPbspacBNPHU a372.241 bC691 aColección primer grado :blibro de las maestras y maestros /cWilliam Estany Vázquez, ilus. aSanto Domingo :bFe y Alegria,c2021 a311 p. :bil. ;c29 cm aColección Fe y Alegria aEducación primariazRepública Dominicana aVázquez, William EstanyeIlus. nFe y Alegria